Los mataderos (Record no. 26919)

MARC details
000 -LEADER
campo de control de longitud fija 00659nam a2200193 i 4500
001 - NÚMERO DE CONTROL
campo de control 26919
003 - IDENTIFICADOR DE NÚMERO DE CONTROL
campo de control ES-MaACL
005 - FECHA Y HORA DE LA ÚLTIMA TRANSACCIÓN
campo de control 20250415205706.0
007 - CAMPO FIJO DE DESCRIPCIÓN FÍSICA--INFORMACIÓN GENERAL
campo de control de longitud fija t|
008 - DATOS DE LONGITUD FIJA--INFORMACIÓN GENERAL
campo de control de longitud fija 030113s1969 sp ||||1| spa d
100 1# - ENTRADA PRINCIPAL--NOMBRE DE PERSONA
Nombre de persona Asdrubali, Mario.
9 (RLIN) 23555
245 14 - MENCIÓN DEL TÍTULO
Título Los mataderos
Resto del título : construcción, gestión, aspectos sanitarios /
Mención de responsabilidad, etc. Mario Asdrubali, Alberto Stradelli ; traducido por A. de Juana Sardon.
260 ## - PUBLICACIÓN, DISTRIBUCIÓN, ETC.
Lugar de publicación, distribución, etc. Zaragoza :
Nombre del editor, distribuidor, etc. Acribia,
Fecha de publicación, distribución, etc. [1969]
300 ## - DESCRIPCIÓN FÍSICA
Extensión X, 267 p. :
Otras características físicas il. ;
Dimensiones 24 cm.
700 1# - ENTRADA AGREGADA--NOMBRE PERSONAL
Nombre de persona Stradelli, Alberto.
9 (RLIN) 108359
700 1# - ENTRADA AGREGADA--NOMBRE PERSONAL
Nombre de persona Juana Sardón, Amalio de,
Fechas asociadas al nombre 1921-2024
9 (RLIN) 240058
852 ## - LOCALIZACIÓN
Ubicación ES-MaACL
Número de control de estantería C-41703
Sublocalización o colección R.72210
Holdings
Estatus retirado Estado de pérdida Estado de daño No para préstamo Biblioteca de origen Biblioteca actual Ubicación en estantería Fecha de adquisición Fuente de adquisición Total de préstamos Signatura topográfica completa Código de barras Visto por última vez Precio de reemplazo Tipo de ítem Koha
        Biblioteca del Ateneo de Madrid Biblioteca del Ateneo de Madrid Depósito 2 17/01/2008     C-41703 1027786 23/02/2023 23/02/2023 Libro impreso